| 000 | 00505nam a22001571c 4500 | ||
|---|---|---|---|
| 001 | a987654750 | ||
| 008 | 991231s1999 gw |||| 000u rus d | ||
| 041 | _arus | ||
| 245 | 0 | 0 |
_aA se grechi zlye, smertnye... : _bljubov, erotika i seksual'naja etika v doindustrial'noj Rossii (X - pervaja polovina XIX v.) ; teksty issledovanija |
| 264 |
_aMoskva : _bLadomir, _c1999 |
||
| 300 | _a860 S. | ||
| 700 | 1 |
_aPuškareva, Natalja L. _eHerausgeberIn |
|
| 942 | _cMG | ||
| 040 | _cRU-10907106 | ||
| 003 | RU-10907106 | ||
| 999 |
_c14495 _d14495 |
||